00404nam a2200169Ia 4500003000400000005001700004008004100021020001800062040000600080041001200086082002100098100002100119245003500140260003800175300001200213440000900225OSt20240925151944.0240126s9999 xx 000 0 und d a9780199297955 c0 aEnglish a320.01 VIN;1 R aVincent, Andrew. 4aThe nature of political theory bOxford University PressaNew York aix, 354 aNULL